Sports Quiz

Random Sports or NBA Quiz

2016 NBA Finals Rosters Quiz Stats

Quiz not verified by Sporcle

Challenge
Share
Tweet
Embed
Score 0/30 Timer 05:00
0 Plays Today
Team Answer % Correct
Golden State WarriorsKlay Thompson
97.3%
Cleveland CavaliersTristan Thompson
97%
Cleveland CavaliersLeBron James
97%
Cleveland CavaliersKyrie Irving
96.1%
Golden State WarriorsSteph Curry
96.1%
Cleveland CavaliersKevin Love
88.7%
Golden State WarriorsDraymond Green
88.4%
Golden State WarriorsAndrew Bogut
86.9%
Cleveland CavaliersJ.R. Smith
86.1%
Cleveland CavaliersIman Shumpert
78.3%
Golden State WarriorsShaun Livingston
74.8%
Golden State WarriorsAndre Iguodala
73.9%
Golden State WarriorsHarrison Barnes
71.5%
Cleveland CavaliersTimofey Mozgov
63.5%
Cleveland CavaliersRichard Jefferson
62.6%
Team Answer % Correct
Cleveland CavaliersJames Jones
57%
Cleveland CavaliersMo Williams
56.4%
Cleveland CavaliersChanning Frye
56.1%
Cleveland CavaliersDahntay Jones
55.8%
Golden State WarriorsFestus Ezeli
50.7%
Golden State WarriorsIan Clark
50.4%
Golden State WarriorsAnderson Varejao
49.6%
Cleveland CavaliersMatthew Dellavedova
49%
Golden State WarriorsLeandro Barbosa
45.4%
Golden State WarriorsMarreese Speights
43%
Golden State WarriorsJames Michael McAdoo
42.7%
Golden State WarriorsKevon Looney
32%
Cleveland CavaliersJordan McRae
24.9%
Golden State WarriorsBrandon Rush
24.9%
Cleveland CavaliersSasha Kaun
22.3%

You're not logged in!

Compare scores with friends on all Sporcle quizzes.
Sign Up with Email
OR
Log In

You Might Also Like...

Show Comments

Extras

Top Quizzes Today


Score Distribution

Your Account Isn't Verified!

In order to create a playlist on Sporcle, you need to verify the email address you used during registration. Go to your Sporcle Settings to finish the process.